Cryptography and Network Security/ (Record no. 216549)

MARC details
000 -LEADER
fixed length control field 00582nam a22001937a 4500
005 - DATE AND TIME OF LATEST TRANSACTION
control field 20260609122851.0
010 ## - LCCN (DPL NO)
LC control number ENG-148796
020 ## - INTERNATIONAL STANDARD BOOK NUMBER
International Standard Book Number 9789364445719
Terms of availability 995.00
035 ## - SYSTEM CONTROL NUMBER
System control number EN-132328
037 ## - SOURCE OF ACQUISITION
Source of stock number/acquisition DBAD
082 ## - DEWEY DECIMAL CLASSIFICATION NUMBER
Edition number 5
Classification number 005.8
100 ## - MAIN ENTRY--PERSONAL NAME
Personal name Kahate, Atul
245 ## - TITLE STATEMENT
Title Cryptography and Network Security/
Statement of responsibility, etc Atul Kahate
250 ## - EDITION STATEMENT
Edition statement 5
260 ## - PUBLICATION, DISTRIBUTION, ETC. (IMPRINT)
Place of publication, distribution, etc Chennai
Name of publisher, distributor, etc McGraw Hill Education India Pvt Ltd
Date of publication, distribution, etc 2026
270 ## - ADDRESS
Address 5/90 Anjana Complex, Butt Road, St. Thomas Mount
City Chennai
Postal code 600016
300 ## - PHYSICAL DESCRIPTION
Extent 487p.
Dimensions 24cm(pb)
942 ## - ADDED ENTRY ELEMENTS (KOHA)
Source of classification or shelving scheme Dewey Decimal Classification
Item type English Books
Classification part 005.8
Call number suffix KAH
Edition 5
Holdings
Withdrawn status Lost status Not for loan Collection code Home library Current library Date acquired Source of acquisition Cost, normal purchase price Full call number Barcode Copy number Cost, replacement price Koha item type
    Not For Loan Non-fiction D.B.Act.Division D.B.Act.Division 09/06/2026 Delivery of Books Act Division 995.00 005.8 KAH EN-132328 1 995.00 English Books

© Delhi Public Library
Hit Counter
free hit counter